000 01200nam a2200289 a 4500
001 BRCA_2600
005 20190320203902.0
008 281108s1879----sp-#---###---#000-0#spa-u
041 _aspa
044 _asp
084 _a181
_b.A483
_c1879
100 1 _aCervantes Saavedra, Miguel de
_d1547-1616
_9213
245 1 0 _aEl Ingenioso Hidalgo Don Quijote de la Mancha
_ccompuesto por Miguel de Cervantes Saavedra.
260 _aSevilla
_bFrancisco Álvarez
_c1879
300 _a732 p.
_c16 cm.
500 _aContenido : Primera parte. Dedicatoria del autor. Prólogo del autor. Versos preliminares. Texto. Segunda parte. Dedicatoria del autor. Prólogo del autor. Texto
500 _aEdición de surtido, impresa con tipos pequeños, pero legibles. Rústica Lúdovik Osterc
500 _aEstado físico : Recuperación física en 2008
500 _aQM173
650 1 4 _aNovela española
_yÉpoca clásica, 1500-1700
_9215
650 1 4 _aLiteratura española
_yÉpoca clásica, 1500-1700
_9216
650 1 4 _aNovela española
_ySiglo XVII
_9217
650 1 4 _aDon Quijote (Personaje ficticio)
_eNovela
_9218
740 0 _aEl Inenioso Hidalgo Don Quijote de la Mancha
902 _aQFM
942 _2lcc
_cB
999 _c2340
_d2340